| Tag |
First Indicator |
Second Indicator |
Subfields |
| LEADER |
00000cam a2200000 a 4500 |
| 001 |
in00004476949 |
| 005 |
20210818135109.0 |
| 008 |
900611s1990 nyua b 000 0 eng |
| 010 |
|
|
|a 90041235
|
| 019 |
|
|
|a 24249035
|
| 020 |
|
|
|a 0809131919 :
|c $14.95
|
| 035 |
|
|
|a (OCoLC)21973606
|
| 035 |
|
|
|9 AAE6159MS
|
| 035 |
|
|
|z (UtOrBLW)15358
|
| 035 |
|
|
|a 26461
|
| 040 |
|
|
|a DLC
|c DLC
|d CPO
|d NLM
|d TMV
|d UtOrBLW
|
| 049 |
|
|
|a TMVM
|c 1
|
| 050 |
0 |
0 |
|a R724
|b .Q35 1990
|
| 060 |
0 |
0 |
|a W 50
|b Q115 1990
|
| 069 |
0 |
|
|a 9110959
|
| 082 |
0 |
0 |
|a 174/.24
|2 20
|
| 245 |
0 |
0 |
|a Quality of life :
|b the new medical dilemma /
|c edited by James J. Walter, Thomas A. Shannon.
|
| 264 |
|
1 |
|a New York :
|b Paulist Press,
|c [1990]
|
| 264 |
|
4 |
|c ©1990
|
| 300 |
|
|
|a vi, 357 pages :
|b illustrations ;
|c 23 cm.
|
| 336 |
|
|
|a text
|2 rdacontent
|b txt
|
| 337 |
|
|
|a unmediated
|2 rdamedia
|
| 338 |
|
|
|a volume
|2 rdacarrier
|b nc
|
| 504 |
|
|
|a Includes bibliographical references.
|
| 505 |
0 |
|
|a Four indicators of humanhood -- Quality of life -- To save or let die -- Quality of life and death -- Quality of life -- "Quality of life" and the analogy with the Nazis -- Meaning and validity of quality of life judgments in contemporary Roman Catholic medical ethics -- Defining the quality of life -- Use of quality of life considerations in medical decision making -- Who shall live? -- Implications of prenatal diagnosis for the quality of, and right to, human life -- Prenatal diagnosis and selective abortion -- Terminating treatment for newborns -- Quality of life and defective newborn children -- Projected quality of the patient's life -- Position of the American Academy of Neurology on certain aspects of the care and management of the persistent vegetative state patient.
|
| 505 |
0 |
|
|a Feeding and hydrating the permanently unconscious and other vulnerable persons -- PVS patient and the forgoing/withdrawing of medical nutrition and hydration -- Ethical judgments of quality of life in the care of the aged -- Guiding the hand that feeds -- Care of the elderly dying -- Declaration on Euthanasia -- Euthanasia and the quality of life -- Physician's responsibility toward hopelessly ill patients -- Quality of life and the witholding or withdrawing life-prolonging medical treatment -- Patients with permanent loss of consciousness -- Quality of life in the courts -- "Quality of life" -- Guidelines for legislation on life-sustaining treatment -- Child abuse and neglect -- Providing food and fluids to severely brain damaged patients -- Georgia man asks to turn off life-supporting ventilator.
|
| 650 |
|
2 |
|a Ethics, Medical.
|
| 650 |
|
2 |
|a Quality of Life.
|
| 700 |
1 |
|
|a Walter, James J.
|
| 700 |
1 |
|
|a Shannon, Thomas A.
|q (Thomas Anthony),
|d 1940-
|
| 999 |
|
|
|a MARS
|
| 999 |
f |
f |
|s fbd62d45-a635-3487-9066-f7fc68ea193c
|i aaec4f60-6b0a-3cbb-837e-d4a0b3926c39
|t 0
|
| 952 |
f |
f |
|p ric
|a Texas A&M University
|b Rellis Campus
|c Joint Library Facility
|d Remote Storage
|t 0
|e W 50 Q115 1990
|h National Library of Medicine classification
|i unmediated -- volume
|m 3238901114773
|
| 998 |
f |
f |
|a W 50 Q115 1990
|t 0
|l Remote Storage
|